| 000 | 00763nam a2200253 i 4500 | ||
|---|---|---|---|
| 001 | bgj | ||
| 245 | 1 | 0 |
_aInternationales Archiv für Sozialgeschichte der deutschen Literatur. _chrsg. von Wolfgang Frühwald, Georg Jäger, Dieter Langewiesche, Albert Martino. _n2/2000 / |
| 246 | 1 | _aAufklärung und Propaganda. | |
| 260 |
_a[Tübingen] : _bNiemeyer, _c2000. |
||
| 300 |
_aS. [115]-133 ; _c23 cm. |
||
| 505 | _aSonderdruck | ||
| 650 | 9 | _aLiteratura | |
| 700 | 1 | _aFRÜHWALD, Wolfgang. | |
| 700 | 1 | _aJÄGER, Georg. | |
| 700 | 1 | _aLANGEWIESCHE, Dieter. | |
| 700 | 1 | _aMARTINO, Albert. | |
| 700 | 1 | _aLOHMEIER, Anke-Marie. | |
| 040 | _cBPK | ||
| 041 | 0 | _ager | |
| 044 | _aDEU | ||
| 080 | _a82 | ||
| 942 | _cKS | ||
| 008 | s gw f |000 0 ger | ||
| 999 |
_c49963 _d49963 |
||
| 856 |
_uhttp://koha.tu.koszalin.pl/cgi-bin/koha/opac-detail.pl?biblionumber=49963 _yKatalog online BPK |
||